Property and riches in the early church : (Record no. 32200)
[ view plain ]
| 000 -LEADER | |
|---|---|
| fixed length control field | 01040nam a2200265 4500 |
| 005 - DATE AND TIME OF LATEST TRANSACTION | |
| control field | 20160817212533.0 |
| 008 - FIXED-LENGTH DATA ELEMENTS--GENERAL INFORMATION | |
| fixed length control field | 080902s1974 pau b 000 0 eng |
| 020 ## - INTERNATIONAL STANDARD BOOK NUMBER | |
| International Standard Book Number | 0800612019 :USD2.95 |
| 100 1# - MAIN ENTRY--PERSONAL NAME | |
| Personal name | Hengel, Martin. |
| 240 10 - UNIFORM TITLE | |
| Uniform title | <a href="Eigentum und Reichtum in der frèuhen Kirche.">Eigentum und Reichtum in der frèuhen Kirche.</a> |
| Language of a work | English |
| 245 10 - TITLE STATEMENT | |
| Title | Property and riches in the early church : |
| Remainder of title | aspects of a social history of early Christianity / |
| Statement of responsibility, etc | Martin Hengel ; translated by John Bowden from the German. |
| 260 ## - PUBLICATION, DISTRIBUTION, ETC. (IMPRINT) | |
| Place of publication, distribution, etc | Philadelphia : |
| Name of publisher, distributor, etc | Fortress Press, |
| Date of publication, distribution, etc | 1974. |
| 300 ## - PHYSICAL DESCRIPTION | |
| Extent | viii, 96 p. ; |
| Dimensions | 22 cm. |
| 336 ## - CONTENT TYPE | |
| Content Type Term | text |
| 337 ## - MEDIA TYPE | |
| Media Type Term | volume |
| 338 ## - CARRIER TYPE | |
| Carrier Type Term | media |
| 500 ## - GENERAL NOTE | |
| General note | Translation of Eigentum und Reichtum in der frèuhen Kirche. |
| 504 ## - BIBLIOGRAPHY, ETC. NOTE | |
| Bibliography, etc | Includes bibliographical references. |
| 650 #4 - SUBJECT ADDED ENTRY--TOPICAL TERM | |
| Topical term or geographic name as entry element | Christian sociology |
| General subdivision | History |
| Chronological subdivision | Early church, ca. 30-600. |
| 650 #4 - SUBJECT ADDED ENTRY--TOPICAL TERM | |
| Topical term or geographic name as entry element | Property |
| General subdivision | Religious aspects |
| -- | Christianity |
| -- | History. |
| 650 #4 - SUBJECT ADDED ENTRY--TOPICAL TERM | |
| Topical term or geographic name as entry element | Wealth |
| General subdivision | Moral and ethical aspects |
| -- | History. |
| 650 #4 - SUBJECT ADDED ENTRY--TOPICAL TERM | |
| Topical term or geographic name as entry element | Wealth |
| General subdivision | Religious aspects |
| -- | Christianity. |
| 942 ## - ADDED ENTRY ELEMENTS (KOHA) | |
| Source of classification or shelving scheme | Library of Congress Classification |
| Item type | Books |
| Withdrawn status | Lost status | Source of classification or shelving scheme | Damaged status | Not for loan | Home library | Current library | Shelving location | Date acquired | Inventory number | Shelving control number | Total Checkouts | Full call number | Date last seen | Price effective from | Koha item type | Source of acquisition | Barcode | Copy number |
|---|---|---|---|---|---|---|---|---|---|---|---|---|---|---|---|---|---|---|
| Library of Congress Classification | BSOP Library | BSOP Library | GC | 12/21/2000 | 6097 | 127 | BR166 H38 | 02/23/2013 | 02/23/2013 | Books | ||||||||
| Library of Congress Classification | BSOP Library | BSOP Library | GC | 08/17/2016 | 38412 | BR166 H38 c.2 | 08/17/2016 | 08/17/2016 | Books | 00048412 | c.2 |
